<?xml version="1.0" encoding="UTF-8"?>
<record
    xmlns:xsi="http://www.w3.org/2001/XMLSchema-instance"
    xsi:schemaLocation="http://www.loc.gov/MARC21/slim http://www.loc.gov/standards/marcxml/schema/MARC21slim.xsd"
    xmlns="http://www.loc.gov/MARC21/slim">

  <leader>00971nem a2200217 i 4500</leader>
  <controlfield tag="001">20817</controlfield>
  <controlfield tag="003">ES-MaACL</controlfield>
  <controlfield tag="005">20250724094349.0</controlfield>
  <controlfield tag="007">t|</controlfield>
  <controlfield tag="008">021118s1867    sp        |   |0|1||spa d</controlfield>
  <datafield tag="100" ind1="1" ind2=" ">
    <subfield code="a">Alabern Casas, Ram&#xF3;n, </subfield>
    <subfield code="d">ca. 1830-ca. 1868</subfield>
    <subfield code="9">19069</subfield>
  </datafield>
  <datafield tag="245" ind1="1" ind2="0">
    <subfield code="a">Geograf&#xED;a elemental dedicada a S. A. R. El Seren&#xED;simo Sr. Pr&#xED;ncipe de Asturias [</subfield>
    <subfield code="h">Material cartogr&#xE1;fico] </subfield>
    <subfield code="b">: nuevo m&#xE9;todo ; ense&#xF1;anza directa sobre los mapas, sin necesidad de libros / por Don Ram&#xF3;n Alabern.</subfield>
  </datafield>
  <datafield tag="250" ind1=" " ind2=" ">
    <subfield code="a">2&#xAA; ed.</subfield>
  </datafield>
  <datafield tag="260" ind1=" " ind2=" ">
    <subfield code="a">Madrid : </subfield>
    <subfield code="b">[s.n.], </subfield>
    <subfield code="c">1867 (</subfield>
    <subfield code="f">Impr. de Manuel Minuesa)</subfield>
  </datafield>
  <datafield tag="300" ind1=" " ind2=" ">
    <subfield code="a">[20 p.] : </subfield>
    <subfield code="b">map. col. ; </subfield>
    <subfield code="c">22 x 26 cm cm.</subfield>
  </datafield>
  <datafield tag="505" ind1="8" ind2=" ">
    <subfield code="a">Mapas y planos incluidos: [1. Mapa-mundi. 2. Europa. 3. Espa&#xF1;a 4. Asia. 5. &#xC1;frica. 6. Am&#xE9;rica 7. Ocean&#xED;a.  8. Tierra Santa]</subfield>
  </datafield>
  <datafield tag="650" ind1="0" ind2="4">
    <subfield code="a">Geograf&#xED;a-</subfield>
    <subfield code="x">Did&#xE1;ctica.</subfield>
    <subfield code="9">13072</subfield>
  </datafield>
  <datafield tag="650" ind1=" " ind2="7">
    <subfield code="a">Atlas</subfield>
    <subfield code="2">embne</subfield>
    <subfield code="9">10407</subfield>
  </datafield>
  <datafield tag="852" ind1=" " ind2=" ">
    <subfield code="a">ES-MaACL</subfield>
    <subfield code="j">Fol-Laf-29 </subfield>
    <subfield code="z">.- Legado M. de la Fuente</subfield>
  </datafield>
  <datafield tag="999" ind1=" " ind2=" ">
    <subfield code="c">20817</subfield>
    <subfield code="d">20817</subfield>
  </datafield>
  <datafield tag="952" ind1=" " ind2=" ">
    <subfield code="0">0</subfield>
    <subfield code="1">0</subfield>
    <subfield code="4">0</subfield>
    <subfield code="7">0</subfield>
    <subfield code="8">Colecci&#xF3;n_de_folletos</subfield>
    <subfield code="a">ATENEOM</subfield>
    <subfield code="b">ATENEOM</subfield>
    <subfield code="c">DEPOF</subfield>
    <subfield code="d">2008-01-17</subfield>
    <subfield code="e">SC</subfield>
    <subfield code="l">0</subfield>
    <subfield code="o">Fol-Laf-29</subfield>
    <subfield code="p">1021379</subfield>
    <subfield code="r">2023-02-23 00:00:00</subfield>
    <subfield code="w">2023-02-23</subfield>
    <subfield code="y">FOLLETOS</subfield>
  </datafield>
</record>
